Focus (Record no. 78692)

MARC details
000 -LEADER
fixed length control field 01183cab a22002175a 4500
008 - FIXED-LENGTH DATA ELEMENTS--GENERAL INFORMATION
fixed length control field 070424e20070421xxkado f 000 0 eng d
035 ## - SYSTEM CONTROL NUMBER
System control number (Sirsi) u137697
041 0# - LANGUAGE CODE
Language code of text/sound track or separate title eng
100 1# - MAIN ENTRY--PERSONAL NAME
Personal name Morrison, Adrian
245 00 - TITLE STATEMENT
Title Focus
Remainder of title North East
260 ## - PUBLICATION, DISTRIBUTION, ETC.
Date of publication, distribution, etc. 2007
490 #0 - SERIES STATEMENT
Series statement Estates Gazette
Volume/sequential designation (0716) 21 April 2007, 158-179(15)
520 ## - SUMMARY, ETC.
Summary, etc. Predictions show that Newcastle will run out of Grade A office space until new developments create more in 2008 and 2009. Darlington will get a new shopping centre, and Yarm is suggested as a good example to follow. Newcastle's shopping centre is in decline, with stagnant rents and at least one major retailer leaving. Ambitious plans for an eco-friendly village at Eastgate in the Wear Valley may hinge on whether the heat potential of the hot water spring can be utilised. The traditional industry sector is facing a potential crisis of land supply. Regeneration in Consett is examined. Argon Properties are profiled.
590 ## - LOCAL NOTE (RLIN)
Local note KA
651 #4 - SUBJECT ADDED ENTRY--GEOGRAPHIC NAME
Geographic name NORTH EAST
690 ## - LOCAL SUBJECT ADDED ENTRY--TOPICAL TERM (OCLC, RLIN)
Topical term or geographic name as entry element PROPERTY-COMMERCIAL PROPERTY-COMMERCIAL PROPERTY DEVELOPMENT
700 1# - ADDED ENTRY--PERSONAL NAME
Personal name Stirling, Nigel
700 1# - ADDED ENTRY--PERSONAL NAME
Personal name Neale, Jon
700 1# - ADDED ENTRY--PERSONAL NAME
Personal name Eichblatt, Sam
942 ## - ADDED ENTRY ELEMENTS (KOHA)
Suppress in OPAC 0
Holdings
Withdrawn status Lost status Source of classification or shelving scheme Damaged status Not for loan Home library Current library Shelving location Date acquired Total Checkouts Full call number Barcode Date last seen Copy number Price effective from Koha item type
    Dewey Decimal Classification     London London Journal article 24/04/2007   L137697 137697-1001 06/08/2019 1 06/08/2019 Journal article